Tabulky pro výpočet spojovacích systému

Uložené v:
Podrobná bibliografia
Hlavný autor: Trnka, Jaroslav (Autor)
Médium: Kniha
Vydavateľské údaje: Praha : NADAS, 1976
Tagy: Pridať tag
Žiadne tagy, Buďte prvý, kto otaguje tento záznam!

MARC

LEADER 00000nam a22000003a 4500
001 stu87608
005 20150617225626.7
008 040608s1976----------------------------d
040 |a STU  |b slo 
041 0
080 |a 621.395 
100 1 |a Trnka, Jaroslav  |4 aut 
245 1 |a Tabulky pro výpočet spojovacích systému 
260 |a Praha :  |b NADAS,  |c 1976 
300 |a 492 s 
996 |b E52310  |c E*52310  |l EE16  |s P  |a 0  |w stu87608_0001